La batalla por los puentes : (Record no. 196290)

MARC details
000 -LEADER
campo de control de longitud fija 01495nam a2200373 i 4500
001 - NÚMERO DE CONTROL
campo de control 196290
003 - IDENTIFICADOR DE NÚMERO DE CONTROL
campo de control ES-MaACL
005 - FECHA Y HORA DE LA ÚLTIMA TRANSACCIÓN
campo de control 20240904063114.0
007 - CAMPO FIJO DE DESCRIPCIÓN FÍSICA--INFORMACIÓN GENERAL
campo de control de longitud fija ta
008 - DATOS DE LONGITUD FIJA--INFORMACIÓN GENERAL
campo de control de longitud fija 240828s2018 sp a | |||| 001 0 spa
017 ## - NÚMERO DE COPYRIGHT O DE DEPÓSITO LEGAL
Número de copyright o de depósito legal B 18924-2018
Agencia que asigna Oficina Depósito Legal Barcelona
020 ## - NÚMERO INTERNACIONAL ESTÁNDAR DEL LIBRO
Número Internacional Estándar del Libro 9788491990185
035 ## - NÚMERO DE CONTROL DEL SISTEMA
Número de control de sistema (OCoLC)1121544196
035 ## - NÚMERO DE CONTROL DEL SISTEMA
Número de control de sistema 991016715389708606
035 ## - NÚMERO DE CONTROL DEL SISTEMA
Número de control de sistema (SpMaBN)a6362524
040 ## - FUENTE DE CATALOGACIÓN
Centro catalogador/agencia de origen SpMaBN
Lengua de catalogación spa
Centro/agencia transcriptor SpMaBN
Normas de descripción rda
Centro/agencia modificador ES-MaACL
080 ## - NÚMERO DE LA CLASIFICACIÓN DECIMAL UNIVERSAL
Número de la Clasificación Decimal Universal 355.48(492.82)"1944"
100 0# - ENTRADA PRINCIPAL--NOMBRE DE PERSONA
Nombre de persona Beevor, Antony
9 (RLIN) 27032
245 13 - MENCIÓN DEL TÍTULO
Título La batalla por los puentes :
Resto del título Arnhem 1944, la última victoria alemana en la Segunda Guerra Mundial /
Mención de responsabilidad, etc. Antony Beevor ; traducción castellana de Amado Diéguez Rodríguez
250 ## - MENCION DE EDICION
Mención de edición Primera edición: septiembre de 2018
264 #1 - PRODUCCIÓN, PUBLICACIÓN, DISTRIBUCIÓN, FABRICACIÓN Y COPYRIGHT
Producción, publicación, distribución, fabricación y copyright Barcelona :
Nombre del de productor, editor, distribuidor, fabricante Círculo de Lectores,
Fecha de producción, publicación, distribución, fabricación o copyright [2018]
300 ## - DESCRIPCIÓN FÍSICA
Extensión 652 páginas, 32 páginas de láminas sin numerar (blanco y negro) :
Otras características físicas mapas (blanco y negro) ;
Dimensiones 24 cm.
500 ## - NOTA GENERAL
Nota general Traducción de: Arnhem. The battle for the bridges
504 ## - NOTA DE BIBLIOGRAFÍA, ETC.
Nota de bibliografía, etc. Bibliografía: páginas 619-629. Índices
650 #7 - PUNTO DE ACCESO ADICIONAL DE MATERIA--TÉRMINO DE MATERIA
Término de materia o nombre geográfico como elemento de entrada Batalla de Arnhem, 1944
Fuente del encabezamiento o término embne
9 (RLIN) 238635
852 ## - LOCALIZACIÓN
Ubicación ES-MaACL
Ubicación en estantería Depósito J
Número de control de estantería A-15521
itemnumber 204007
Donativo/Legado Donación: Fernando Codina Rodríguez
901 ## - NOMBRE PERSONAL DE POSESOR
a MON1909
903 ## - NOMBRE PERSONAL DE DONANTE
a Rodríguez Codina, Fernando
e Donante
q 1
942 ## - ELEMENTOS DE ENTRADA SECUNDARIOS (KOHA)
Suprimir en OPAC No
Tipo de ítem Koha Libro impreso
Holdings
Estatus retirado Estado de pérdida Fuente del sistema de clasificación o colocación Estado de daño No para préstamo Biblioteca de origen Biblioteca actual Ubicación en estantería Fecha de adquisición Fuente de adquisición Total de préstamos Signatura topográfica completa Código de barras Visto por última vez Precio de reemplazo Tipo de ítem Koha
    Clasificación decimal universal     Biblioteca del Ateneo de Madrid Biblioteca del Ateneo de Madrid Depósito J 28/08/2024 Donación   A-15521 101228807 28/08/2024 28/08/2024 Libro impreso